Comptage particulier - Statistiques

Statistiques générales
  • Ce quiz a été pris 35 fois
  • Le résultat moyen est 6 sur 11
Statistiques - réponses
Question Réponse Langue % Correct
Jeu de carte mondialement connu Uno Espagnol
90%
Mauvais, bon à rien Nul Néerlandais
86%
On le fait quand on recycle Tri Breton / Bosniaque
76%
Braun, Longoria, Bartok Éva Édo
55%
Partie d'une église comprise entre le portail et le transept Nèf Créole guadeloupéen
55%
Ancien DO Ut Arménien
55%
Modèle très connu d'Audi Quattro Italien
52%
Chapeau outre-manche Hat Hongrois
38%
Sigle désignant un livret de banque spécial habitation Pel Tommo So (Mali)
34%
Capitale Sud-Américaine Lima Bugis (Indonésie)
31%
Chaîne de magasins hard-discount allemande à une lettre près Aldy Touvain
3%
Aucun quiz correspondant
Distribution des résultats
% des personnes avec chaque résultat
Percentile par nombre de réponses
Votre historique - résultats
Vous n’avez pas pris ce quiz